000 00317nam a2200121Ia 4500
008 220204s9999 xx 000 0 und d
082 _a633:582.61(213.5)
_bPUR.2
100 _aPURSEGLOVE, J W
245 0 _aTropical crops: Dicotyledons. V 2.
260 _aLondon
_bLongman
_c1968
650 _aDicotyledon
942 _cBK
999 _c21140
_d21140